Cricket Milestones (Record no. 13436)

000 -LEADER
fixed length control field 00435nam a22001457a 4500
020 ## - INTERNATIONAL STANDARD BOOK NUMBER
International Standard Book Number -
082 ## - DEWEY DECIMAL CLASSIFICATION NUMBER
Classification number 796.3580954 SHA
100 ## - MAIN ENTRY--PERSONAL NAME
Personal name Shahzad, Ali Khan
245 ## - TITLE STATEMENT
Title Cricket Milestones
260 ## - PUBLICATION, DISTRIBUTION, ETC.
Place of publication, distribution, etc. Karachi
Name of publisher, distributor, etc. Jumbo Publishing
Date of publication, distribution, etc. 2009
300 ## - PHYSICAL DESCRIPTION
Extent 100 p.
500 ## - GENERAL NOTE
General note Includes index
650 ## - SUBJECT ADDED ENTRY--TOPICAL TERM
Topical term or geographic name entry element Cricket--India--History. Cricket--Pakistan--History. India--Foreign relations--Pakistan. Pakistan--Foreign relations--India.
942 ## - ADDED ENTRY ELEMENTS (KOHA)
Koha item type Book
Holdings
Withdrawn status Lost status Damaged status Not for loan Collection code Permanent Location Current Location Shelving location Date acquired Source of acquisition Total Checkouts Full call number Barcode Date last seen Price effective from Koha item type
          Central Library (CL) Central Library (CL) General Stacks 12/15/2015 Donation   796.3580954 SHA SEECSD01219 12/15/2015 12/15/2015 Book
© 2023 Central Library, National University of Sciences and Technology. All Rights Reserved.